| 000 | 00384nam a22001457a 4500 | ||
|---|---|---|---|
| 008 | 250513b |||||||| |||| 00| 0 eng d | ||
| 020 | _a9781781311783 | ||
| 050 |
_aGV875.B7 _b.k34 |
||
| 100 | _aKalin Roger | ||
| 245 | _aThe Boy of Summer | ||
| 260 |
_aLondon _bHarper and Raw, Publishers _c1972 |
||
| 300 | _axxii, 441p. | ||
| 650 | _aBaseball - United States - History | ||
| 942 | _cBK | ||
| 999 |
_c3430 _d3430 |
||